Memoria del Delegado Fiscal de salitreras y guaneras

Tallennettuna:
Bibliografiset tiedot
Päätekijät: Campaña C., José Francisco (Tekijä), Rodríguez, Zorobabel (Tekijä)
Yhteisötekijät: Delegación Fiscal de Guaneras (Tekijä), Superintendencia de Aduanas (Tekijä)
Aineistotyyppi: Kirja
Kieli:espanja
Julkaistu: Santiago Sociedad, Imprenta y Litografía Barcelona 1900
Painos:1a. ed
Aiheet:
Tagit: Lisää tagi
Ei tageja, Lisää ensimmäinen tagi!

MARC

LEADER 00000nam a2200000 a 4500
001 UCJ5991
003 CL-VaPUC
008 070124e19000107CL |||||||||||||||||spa|d
082 0 4 |a 918.3  |b CAM  |2 21 
100 0 |a Campaña C., José Francisco  |e author  |9 512067 
700 0 |a Rodríguez, Zorobabel  |e author  |9 438236 
110 2 |a Delegación Fiscal de Guaneras  |e author  |9 512068 
710 2 |a Superintendencia de Aduanas  |e author  |9 512069 
245 1 0 |a Memoria del Delegado Fiscal de salitreras y guaneras 
246 1 0 |a Memoria del Superintendente de Aduanas 
250 |a 1a. ed 
300 |a 468 p 
942 |c BK 
945 |d 20070124 00:00:00  |a rinostro 
260 |a Santiago  |b Sociedad, Imprenta y Litografía Barcelona  |c 1900 
650 7 |a SALITRERAS  |2 CL-VaPUC  |9 375452 
650 7 |a COVADERAS  |2 CL-VaPUC  |9 504209 
650 7 |a FERTILIZANTES ORGANICOS  |2 CL-VaPUC  |9 499230 
650 7 |a DOCUMENTOS  |2 CL-VaPUC  |9 366450 
650 0 |a Yodo  |9 439881 
650 7 |a TRANSPORTE  |2 CL-VaPUC  |9 256365 
650 0 |a Estadísticas  |9 258644 
650 0 |a Aduanas  |9 255492 
650 0 |a Crédito  |9 256211 
650 7 |a LEGISLACION  |2 CL-VaPUC  |9 512070 
650 0 |a Historia de Chile  |9 265473 
583 |a last modification  |c 20070124 00:00:00  |k Rodrigo Vera 
999 |c 322099  |d 322097 
952 |0 0  |1 0  |4 0  |6 918_300000000000000_CAM_1900  |7 0  |8 X  |9 401015  |a FDOBUD  |b FDOBUD  |d 2019-11-22  |i 1042408  |o 918.3 CAM 1900  |p 1042408  |r 2019-11-22  |w 2019-11-22  |y BK_X  |k BUD